02694 2200241 4500001002100000005001500021035002000036007000300056008003900059082001600098084002200114100003200136245019100168300001200359650009200371520178600463336002102249337002802270338002502298856007402323264003902397990001602436INLIS00000000150475720260429034351 a0010-0426000079ta260429 | | |  aL.310-25186 aL.310-25186 RIS s0 aRISKA ISTIGHFARAePengarang1 aSINBIOTIK GRAIN KEFIR DAN SUSU FORMULA AFKIR PADA AYAM BROILER FASE FINISHER TERHADAP PERFORMA, KUALITAS KARKAS (NILAI pH, KADAR AIR, ANTIOKSIDAN) SERTA NILAI EKONOM /cPolbangtan Malang a168 hlm 4aAyam Broiler, Kadar Air, Kadar Antioksidan, Nilai Ekonomi, Nilai pH Performa, Sinbiotik aPeningkatan produksi broiler terus berlangsung seiring dengan bertambahnya permintaan masyarakat terhadap daging ayam. Namun, di balik perkembangan tersebut, masih terdapat berbagai permasalahan di tingkat peternakan yang kerap menjadi hambatan bagi peternak dalam menghasilkan ayam broiler dengan kualitas yang optimal. Sinbiotik yang berasal dari Grain Kefir dan susu formula afkir memungkinkan untuk meningkatkan performa ayam broiler, menurunkan nilai pH, kadar air karkas sesuai standar, meningkatkan kadar antioksidan dan menambah nilai ekonomi. Metode penelitian menggunakan Rancangan Acak Kelompok (RAK) yang terdiri dar 4 perlakuan dan 5 ulangan yaitu P0 (Kontrol), P1 (3% ), P2 (5% ) dan P3 (7%) Pemberian sinbiotik pada air minum ayam diberikan setiap sore hingga pagi hari, dengan menggunakan uji statistik One Way ANOVA dan uji lanjutan Duncan. Berdasarkan hasil penelitian yang telah dilakukan pada P0, P1, P2, dan P3, diperoleh hasil bahwa dosis sinbiotik terbaik adalah pada P3 dengan rata rata Feed Intake 224 gram/ekor/hari, Pertambahan bobot badan 175,2 gram, Feed Convertion Ratio 1,4. Pemberian sinbiotik di taraf 7% juga dapat menurunkan nilai pH hingga di angkat 5,4, kadar air sebesar 61,88% di angkat masih dalam standar dan mampu meningkatkan kandungan kadar antioksidan hingga di taraf sedang. Nilai ekonomi yang dihitung berdasarkan efektivitas, ayam dengan sinbiotik memperoleh nilai sangat efektif yaitu 144%, sedangkan untuk efisiensi, ayam hidup tanpa sinbiotik sebesar 1,39, dan P1 pada karkas mendapat nilai paling efisien yaitu 1,90. Usaha karkas sehat mampu memberi prospek usaha yang baik karena memperoleh R/C ratio senilai 1,85 dikatakan layak dan menguntungkan, B/C ratio 0,85 dan Payback Period selama 1 Tahun,4 Bulan 2rdacontentaText 2rdamediaaBuku Tercetak 2rdacarrieraHardcopy ahttps://repository.polbangtanmalang.ac.id/xmlui/handle/123456789/2144 aMalang :bPolbangtan Malang,c2025 aL.310-25186